Villes du Monde sur une carte par lettre - V - Statistiques

Statistiques générales
  • Ce quiz a été pris 12 894 fois
  • Le résultat moyen est 8 sur 20
Réponses sur la Carte
Les réponses sont colorées sur une échelle allant du rouge au vert en fonction du pourcentage des utilisateurs qui les ont devinées à leur premier essai. Vous pouvez retrouver ces pourcentages ci-dessous.
 
Statistiques - réponses
Villes % Correct
Valence
82%
Vancouver
81%
Venise
80%
Vienne
80%
Varsovie
78%
Vannes
68%
Vilnius
55%
Vladivostok
48%
Vatican
45%
Valladolid
35%
Vientiane
35%
Victoria
29%
Volgograd
25%
Valparaíso
21%
Varna
16%
Virginia Beach
8%
Varanasi
7%
Visby
6%
Vitória
6%
Visakhapatnam
3%
Aucun quiz correspondant
Distribution des résultats
% des personnes avec chaque résultat
Percentile par nombre de réponses
Votre historique - résultats
Vous n’avez pas pris ce quiz